Đặc trưng hậu hiện đại trong tiểu thuyết Kafka bên bờ biển của Haruki Murakami

Về chủ nghĩa hậu hiện đại và nhà văn Haruki Murakami. Kafka bên bờ biển – hậu hiện đại trong cách nhìn con người và xã hội. Kafka bên bờ biển – hậu hiện đại trong nghệ thuật kể chuyện

में बचाया:
ग्रंथसूची विवरण
मुख्य लेखक: Nguyễn Thị Ngọc Thủy
अन्य लेखक: Nguyễn Phương Khánh (Hướng dẫn)
स्वरूप: पुस्तक
भाषा:Vietnamese
प्रकाशित: Đà Nẵng Đại học Sư phạm, Đại học Đà Nẵng 2012
विषय:
टैग : टैग जोड़ें
कोई टैग नहीं, इस रिकॉर्ड को टैग करने वाले पहले व्यक्ति बनें!
Thư viện lưu trữ: Mạng thư viện Đại học Đà Nẵng
LEADER 01835nam a2200349 4500
001 000017003
003 13414
005 20130117160136.0
008 130117s2012 viesd
041 0 |a vie 
082 |a 895.6  |b NG-T 
100 1 |a Nguyễn Thị Ngọc Thủy 
245 |a Đặc trưng hậu hiện đại trong tiểu thuyết Kafka bên bờ biển của Haruki Murakami  |c Nguyễn Thị Ngọc Thủy ; Nguyễn Phương Khánh hướng dẫn  |k Khóa luận tốt nghiệp 
260 |a Đà Nẵng  |b Đại học Sư phạm, Đại học Đà Nẵng  |c 2012 
300 |a 89 tr.  |c 29 cm.  |e Đĩa CD, tài liệu tóm tắt 
500 |a Khóa luận tốt nghiệp đại học. Chuyên ngành: Cử nhân văn học 
504 |a Mục lục đầu trang, tài liệu tham khảo tr. 73 - 74, phụ lục [13 tr.] 
520 |a Về chủ nghĩa hậu hiện đại và nhà văn Haruki Murakami. Kafka bên bờ biển – hậu hiện đại trong cách nhìn con người và xã hội. Kafka bên bờ biển – hậu hiện đại trong nghệ thuật kể chuyện 
600 1 4 |a Haruki Murakami  |b Vua  |c Đinh Tiên Hoàng  |d 1949-  |t Kafka bên bờ biển 
650 0 4 |a Tiểu thuyết Nhật  |v Khóa luận tốt nghiệp  |x Nghiên cứu  |z Nhật Bản 
653 |a Khoa Ngữ văn 
700 |a Nguyễn Phương Khánh  |e Hướng dẫn 
OWN |a LSP 
AVA |a UDN50  |b LSP  |d 895.6 NG-T  |e available  |t Error 5001 Not defined in file expand_doc_bib_avail.  |f 1  |g 0  |h N  |i 0  |k 1 
999 |a From the UDN01 
AVA |a UDN50  |b LSP  |d 895.6 NG-T  |e available  |t Error 5001 Not defined in file expand_doc_bib_avail.  |f 1  |g 0  |h N  |i 0  |k 1 
TYP |a Monograph 
TYP |a Printed language 
980 |a Mạng thư viện Đại học Đà Nẵng